[Event "Tatarstan-ch (Women)"]
[White "Agabekian, Razia"]
[Black "Zhukova, Kristina"]
[Site "Kazan"]
[Round "8.6"]
[Result "0-1"]
[Date "2012.09.10"]
[WhiteElo "1871"]
[BlackElo "1636"]
[PlyCount "58"]
[EventDate "2012.09.03"]
[EventType "swiss"]
[EventRounds "9"]
[EventCountry "RUS"]
[SourceTitle "EXT 2022"]
[Source "ChessBase"]
[SourceDate "2021.10.06"]
[SourceVersion "1"]
[SourceVersionDate "2021.10.06"]
[SourceQuality "1"]

1. d4 Nf6 2. c4 e6 3. Nc3 Bb4 4. Bd2 0-0 5. e3 d5 6. Bd3 Be7 7. Nf3 dxc4 8. Bxc4 c5 9. Qc2 Nc6 10. dxc5 Nb4 11. Qb1 Bxc5 12. a3 Nc6 13. 0-0 Re8 14. Rd1 Qe7 15. b4 Bd6 16. Ne4 Ne5 17. Be2 Nxe4 18. Qxe4 f5 19. Qc2 Bd7 20. Qb3 Bc6 21. Nd4 Bd5 22. Qb2 Qh4 23. f4 Ng4 24. Bxg4 Qxg4 25. Be1 Be7 26. Qe2 Qg6 27. Nf3 Bf6 28. Ne5 Bxe5 29. fxe5 Rf8 0-1

[Event "Tatarstan-ch (Women)"]
[White "Shaydullina, Sandugach"]
[Black "Zhukova, Kristina"]
[Site "Kazan"]
[Round "6.2"]
[Result "1-0"]
[Date "2012.09.08"]
[WhiteElo "2162"]
[BlackElo "1636"]
[PlyCount "89"]
[EventDate "2012.09.03"]
[EventType "swiss"]
[EventRounds "9"]
[EventCountry "RUS"]
[SourceTitle "EXT 2022"]
[Source "ChessBase"]
[SourceDate "2021.10.06"]
[SourceVersion "1"]
[SourceVersionDate "2021.10.06"]
[SourceQuality "1"]

1. d4 Nf6 2. Nf3 e6 3. g3 d5 4. Bg2 c5 5. 0-0 Nc6 6. b3 b6 7. Bb2 Bb7 8. Nbd2 cxd4 9. Nxd4 Bc5 10. Nxc6 Bxc6 11. c4 0-0 12. cxd5 Bxd5 13. e4 Bb7 14. Qe2 Qe7 15. e5 Nd5 16. Ne4 Ba3 17. Bd4 Rfd8 18. Rfd1 Rd7 19. Qg4 Kh8 20. Nd6 Bxd6 21. exd6 Qf8 22. Be5 Rxd6 23. Bxd6 Qxd6 24. Rac1 f5 25. Qa4 a6 26. Qc4 Kg8 27. Qd4 Rd8 28. f4 Kf7 29. Re1 Rd7 30. Qd1 g6 31. Qd4 Bc6 32. Qh8 Bb7 33. Qxh7+ Kf6 34. Qh8+ Kf7 35. Qd4 Rc7 36. Bxd5 Bxd5 37. Qe5 Qxe5 38. fxe5 Rd7 39. Red1 Ke7 40. h4 Kd8 41. Kf2 Rc7 42. Rxc7 Kxc7 43. Rc1+ Kd7 44. Ke3 Bc6 45. Kf4 1-0

[Event "Tatarstan-ch (Women)"]
[White "Zhukova, Kristina"]
[Black "Salihova, Lilia"]
[Site "Kazan"]
[Round "4.3"]
[Result "1-0"]
[Date "2012.09.06"]
[WhiteElo "1636"]
[BlackElo "1998"]
[PlyCount "67"]
[EventDate "2012.09.03"]
[EventType "swiss"]
[EventRounds "9"]
[EventCountry "RUS"]
[SourceTitle "EXT 2022"]
[Source "ChessBase"]
[SourceDate "2021.10.06"]
[SourceVersion "1"]
[SourceVersionDate "2021.10.06"]
[SourceQuality "1"]

1. e4 d5 2. exd5 Nf6 3. d4 Nxd5 4. Nf3 Bg4 5. Be2 e6 6. 0-0 Be7 7. Ne5 Bf5 8. a3 Nd7 9. c4 N5b6 10. Be3 Bf6 11. f4 h6 12. Nc3 c6 13. b4 g5 14. c5 Nc8 15. Bh5 Nxe5 16. fxe5 Bg7 17. g4 Bg6 18. Bxg6 fxg6 19. Ne4 Rf8 20. Qc2 Ne7 21. Rxf8+ Kxf8 22. Rf1+ Kg8 23. Nf6+ Kh8 24. Qd3 Bxf6 25. exf6 Nd5 26. Qxg6 Qf8 27. Rf3 Ne7 28. fxe7 Qxf3 29. e8Q+ Rxe8 30. Qxe8+ Kg7 31. Qe7+ Kh8 32. Qd8+ Kg7 33. Qc7+ Kg6 34. Qg3 1-0

[Event "Tatarstan-ch (Women)"]
[White "Khazieva, Elza"]
[Black "Zhukova, Kristina"]
[Site "Kazan"]
[Round "3.2"]
[Result "1/2-1/2"]
[Date "2012.09.05"]
[WhiteElo "2087"]
[BlackElo "1636"]
[PlyCount "80"]
[EventDate "2012.09.03"]
[EventType "swiss"]
[EventRounds "9"]
[EventCountry "RUS"]
[SourceTitle "EXT 2022"]
[Source "ChessBase"]
[SourceDate "2021.10.06"]
[SourceVersion "1"]
[SourceVersionDate "2021.10.06"]
[SourceQuality "1"]

1. e4 e6 2. d4 d5 3. Nc3 Nf6 4. Bg5 Be7 5. e5 Nfd7 6. h4 h6 7. Bxe7 Qxe7 8. Qg4 0-0 9. Nf3 a6 10. 0-0-0 c5 11. dxc5 Nxc5 12. Rh3 f5 13. Qf4 Ne4 14. Nd4 Nc6 15. Nxe4 fxe4 16. Qg3 Nxd4 17. Rxd4 Qf7 18. Rd2 Bd7 19. Qa3 Rac8 20. f3 Qf5 21. Be2 Qxe5 22. Qe3 Bc6 23. fxe4 Qxe4 24. Qxe4 dxe4 25. Bg4 Bd5 26. b3 b5 27. Kb2 Rc7 28. Bh5 Rf5 29. Bg6 Rf4 30. h5 Kf8 31. Re3 Ke7 32. Rde2 Rc5 33. g3 Rf3 34. g4 Rxe3 35. Rxe3 Kf6 36. Bxe4 Bxe4 37. Rxe4 e5 38. c4 b4 39. a3 a5 40. a4 Ke6 1/2-1/2

[Event "Tatarstan-ch"]
[White "Faizrakhmanov, Ruslan"]
[Black "Zhukova, Kristina"]
[Site "Kazan"]
[Round "4.27"]
[Result "1-0"]
[Date "2011.12.16"]
[WhiteElo "1955"]
[BlackElo "1556"]
[PlyCount "51"]
[EventDate "2011.12.13"]
[EventType "swiss"]
[EventRounds "9"]
[EventCountry "RUS"]
[SourceTitle "EXT 2022"]
[Source "ChessBase"]
[SourceDate "2021.10.06"]
[SourceVersion "1"]
[SourceVersionDate "2021.10.06"]
[SourceQuality "1"]

1. b4 e5 2. Bb2 d6 3. c4 Ne7 4. e3 Ng6 5. Nc3 Nc6 6. b5 Nce7 7. Nf3 Nf5 8. Be2 Be7 9. 0-0 0-0 10. Nd5 Be6 11. Nxe7+ Qxe7 12. Qc2 Rfc8 13. d4 exd4 14. Nxd4 Nxd4 15. Bxd4 c6 16. Qb2 f6 17. a4 Ne5 18. c5 cxb5 19. cxd6 Qxd6 20. Bxe5 Qxe5 21. Qxe5 fxe5 22. axb5 Bd5 23. Rfc1 Rxc1+ 24. Rxc1 e4 25. Rc5 Rd8 26. Rxd5 1-0